Hope in counselling and psychotherapy
Guardat en:
| Autor principal: | |
|---|---|
| Format: | Llibre |
| Idioma: | anglès |
| Publicat: |
Sage Publications
|
| Etiquetes: |
Afegir etiqueta
Sense etiquetes, Sigues el primer a etiquetar aquest registre!
|
MARC
| LEADER | 00000nam a22000007a 4500 | ||
|---|---|---|---|
| 008 | 210125b ||||| |||| 00| 0 eng d | ||
| 020 | |a 978-1-4462-0170-1 | ||
| 100 | |a O’ HARA, Denis. | ||
| 245 | |a Hope in counselling and psychotherapy |c Denis O’ Hara. |g xii; 192p.; ill. | ||
| 260 | |b Sage Publications |d 2013 |h Los Angeles |i 692737 |i 692738 |l RC480.5 .Oh1 |m Psychotherapy. |m Emotion – Focused therapy. |m Counselling. |m Hope | ||
| 942 | |a lcc |c BK |e YUNUSA, A.A. |f 25/01/2021 | ||
| 952 | |0 0 |1 0 |2 lcc |4 0 |6 RC04805 O H1 |7 0 |9 1673 |a HOL |b SSL |c QZ |d 2021-01-25 |l 0 |o RC480.5 .Oh1 |p 2021-0457 |r 2021-01-25 00:00:00 |w 2021-01-25 |y BK | ||
| 952 | |0 0 |1 0 |2 lcc |4 0 |6 RC04805 O H1 |7 0 |9 1674 |a HOL |b HOL |c QZ |d 2021-01-25 |l 0 |o RC480.5 .Oh1 |p 2021-0458 |r 2021-01-25 00:00:00 |w 2021-01-25 |y BK | ||
| 999 | |c 889 |d 889 | ||